1984 (Record no. 1026358)
[ view plain ]
| 000 -LEADER | |
|---|---|
| fixed length control field | 00807nam a2200241Ia 4500 |
| 003 - CONTROL NUMBER IDENTIFIER | |
| control field | OSt |
| 005 - DATE AND TIME OF LATEST TRANSACTION | |
| control field | 20221005112909.0 |
| 008 - FIXED-LENGTH DATA ELEMENTS--GENERAL INFORMATION | |
| fixed length control field | 221004b |||||||| |||| 00| 0 pan d |
| 020 ## - INTERNATIONAL STANDARD BOOK NUMBER | |
| International Standard Book Number | 9788178730370 (hbk) |
| 037 ## - SOURCE OF ACQUISITION | |
| Terms of availability | Textual |
| 040 ## - CATALOGING SOURCE | |
| Original cataloging agency | CRL |
| Transcribing agency | CRL |
| Language of cataloging | pan |
| 041 ## - LANGUAGE CODE | |
| Source of code | pan |
| Language code of text/sound track or separate title | pan |
| 100 ## - MAIN ENTRY--PERSONAL NAME | |
| Personal name | ਜਰਨੈਲ ਸਿੰਘ |
| 245 #0 - TITLE STATEMENT | |
| Title | 1984 |
| Remainder of title | ਸਿੱਖ ਕਤਲੇਆਮ ਦਾ ਸੱਚ |
| 260 ## - PUBLICATION, DISTRIBUTION, ETC. | |
| Place of publication, distribution, etc. | ਦਿੱਲੀ |
| Name of publisher, distributor, etc. | ਸਿੱਖ ਖ਼ਾਊ੍ਵਡੇਨ ਭਾਰਤ |
| Date of publication, distribution, etc. | 2009 |
| 300 ## - PHYSICAL DESCRIPTION | |
| Extent | 224ਪੰ |
| Dimensions | cm. |
| 942 ## - ADDED ENTRY ELEMENTS (KOHA) | |
| Classification part | V243.N, 153P9 |
| Koha item type | Textual |
| Source of classification or shelving scheme | |
| Withdrawn status | Lost status | Damaged status | Not for loan | Home library | Current library | Date acquired | Source of acquisition | Cost, normal purchase price | Total Checkouts | Full call number | Barcode | Date last seen | Date last checked out | Cost, replacement price | Price effective from | Koha item type |
|---|---|---|---|---|---|---|---|---|---|---|---|---|---|---|---|---|
| Central Library | Arts Library | 2022-10-05 | 519, 02/02/2011, H.K. Prakashan | 320.00 | 1 | V243.N 153P9 | CL1402667 | 2025-09-15 | 2025-07-31 | 320.00 | 2022-10-05 | Textual |
